02460nam a22002057a 4500003000900000008004100009020003000050040001200080041001300092080001300105100002400118245005100142260004900193300001100242520184600253521003002099525005602129546001202185650005702197Uzh_bibl260525b |||||||| |||| 00| 0 ukr d a978-0-00-733958-7c100.00 bукр. 2engaeng a821(410) a Morpurgo, Michael  a An Elephant in the GardenhTextcil.M.Foreman aLondonbHarperCollins Children's Booksc2010 a232 s. aIt’s 1945, and the bombing of Dresden is imminent. Before the bombs start to fall, Lizzie’s zookeeper mother brings home the one animal she can’t bear to lose: Marlene, the elephant. When Lizzie and her family join the thousands of other refugees fleeing the city, they end up with more than one unusual companion . . .Захопливий і зворушливий роман про надзвичайну тварину, що опинилася у дуже людській війні, для всіх, хто любив «Дивовижну історію Адольфуса» чи «Метелика-лева»! Автор — колишня лауреатка дитячої премії та авторка книги «Бойовий кінь». Дрезден, 1945. Мати Елізабет і Карлі працює в зоопарку, де її улюбленою твариною є молодий слон на ім'я Марлен. Тоді директор зоопарку каже їй, що небезпечних тварин — включно зі слонами — потрібно розстріляти до того, як місто підірветься. Не в змозі віддати Марлен, їхня мати переносить її в задній сад, щоб врятувати! І тоді починають падати бомби. Їхній дім зруйнований, і вся сім'я змушена тікати з розбомбленого міста через небезпечний, засніжений ландшафт, уникаючи російських військ, які наближаються все ближче. Це було б і так важко зробити без слона на руках! aДля підлітків aДля старшого шкільного віку aукр. aЛітературно-художне видання